000 00364nam a2200097Ia 4500
008 180130s9999 xx 000 0 und d
245 _cAndren, Kristina J.
_aConducting problem-solving interviews
260 _c2013
300 _aBook title: Assessment for intervention : a problem-solving approach--Acession number C17203; pages 144-156
650 _aSCHOOL PSYCHOLOGY
999 _c353712
_d353712